Statistiche per Le grandi battaglie dell'antichità

Clicka qui per fare il quiz!

Statistiche generali

  • Questo quiz è stato fatto 49 volte
  • Il punteggio medio è 31 su 67

Statistiche sulle risposte

DataGuerraBattaglia% Corretto
24-27 agosto 410Invasione visigotaAssedio di Roma
83%
1200 a-C. caGuerra di TroiaAssedio di Troia
83%
490a.C.Guerre persianeBattaglia di Maratona
83%
Agosto 480 a.C.Guerre persianeBattaglia delle Termopili
80%
588-587 a.C.Conquista babiloneseAssedio di Gerusalemme
77%
Aprile-settembre 70Guerra giudaicaAssedio di Gerusalemme
77%
2 agosto 216 a.C.Seconda guerra punicaBattaglia di Canne
77%
23 settembre 480 a.C.Guerre persianeBattaglia di Salamina
77%
9 d.C.Invasione romana della GermaniaBattaglia di Teutoburgo
77%
149-146 a.C.Terza guerra punicaAssedio di Cartagine
73%
2 settembre 31 a.C.Guerra civile tra Ottaviano e AntonioBattaglia di Azio
73%
18 ottobre 202 a.C.Seconda guerra punicaBattaglia di Zama
70%
9 giugno 53 a.C.Guerra partica di CrassoBattaglia di Carre
67%
406-396 a.C.Guerra di VeioAssedio di Veio
63%
275 a.C.Guerre pirricheBattaglia di Maleventum
63%
1285 a.C.Guerra egizio-ittitaBattaglia di Qadesh
63%
415-413 a.C.Guerra del PeloponnesoAssedio di Siracusa
60%
213-212 a.C.Seconda guerra punicaAssedio di Siracusa
60%
Settembre 335 a.C.Prima campagna di Alessandro MagnoAssedio di Tebe
60%
21 giugno 217 a.C.Seconda guerra punicaBattaglia del Trasimeno
60%
9 agosto 378Invasione gotaBattaglia di Adrianopoli
60%
Novembre 333 a.C.Campagna asiatica di Alessandro MagnoBattaglia di Isso
60%
539-538 a.C.Conquiste persianeAssedio di Babilonia
57%
52 a.C.Guerre galliche di Giulio CesareBattaglia di Alesia
57%
3 e 23 ottobre 42 a.C.Guerra civile tra cesariani e cesaricidiBattaglia di Filippi
57%
10 marzo 241 a.C.Prima guerra punicaBattaglia delle Egadi
53%
321 a.C.Seconda guerra sanniticaBattaglia delle Forche Caudine
53%
146 a.C.Guerre della Lega acheaBattaglia dell'Istmo di Corinto
53%
Dicembre 218 a.C.Seconda guerra punicaBattaglia del Trebbia
53%
9 agosto 48 a.C.Guerra civile tra Cesare e PompeoBattaglia di Farsalo
53%
197 a.C.Seconda guerra macedonicaBattaglia di Cinocefale
50%
364 a.C.Guerre tebaneBattaglia di Cinocefale
50%
1° ottobre 331 a.C.Campagna asiatica di Alessandro MagnoBattaglia di Gaugamela
50%
17 marzo 45 a.C.Guerra civile tra cesariani e pompeianiBattaglia di Munda
50%
22 giugno 168 a.C.Terza guerra macedonicaBattaglia di Pidna
50%
27 agosto 479 a.C.Guerre persianeBattaglia di Platea
50%
451Invasione unna della GalliaBattaglia dei Campi Catalaunici
47%
496 a.C.Guerre tra romani e latiniBattaglia del Lago Regillo
43%
218 a.C.Seconda guerra punicaBattaglia del Ticino
43%
2 agosto 338 a.C.Conquista macedone della GreciaBattaglia di Cheronea
43%
264 a.C.Prima guerra punicaBattaglia di Messina
43%
28 ottobre 312Guerre dei tetrarchiBattaglia di Ponte Milvio
43%
6 aprile 46 a.C.Guerra civile tra cesariani e pompeianiBattaglia di Tapso
43%
30 luglio 101 a.C.Invasione di cimbri e teutoniBattaglia dei Campi Raudii
40%
371 a.C.Guerre tebaneBattaglia di Leuttra
37%
134-133 a.C.Guerra numantinaAssedio di Numanzia
33%
62 a.C.Rivolta di CatilinaBattaglia di Pistoia
33%
332 a.C.Campagna asiatica di Alessandro MagnoAssedio di Tiro
30%
102 a.C.Invasione di cimbri e teutoniBattaglia di Aquae Sextiae
30%
426 a.C.Guerre tra Roma e VeioBattaglia di Fidene
30%
Settembre 480 a.C.Prima invasione punica della SiciliaBattaglia di Imera
30%
Agosto 418 a.C.Guerra del PeloponnesoBattaglia di Mantinea
30%
73Guerra giudaicaAssedio di Masada
23%
326 a.C.Campagna indiana di Alessandro MagnoBattaglia dell'Idaspe
23%
22 giugno 207 a.C.Seconda guerra punicaBattaglia del Metauro
23%
16 d.C.Invasione romana della GermaniaBattaglia di Idistaviso
23%
301 a.C.Guerre dei diadochiBattaglia di Ipso
23%
73 a.C.Guerra servile di SpartacoBattaglia del Vesuvio
20%
52 a.C.Guerre galliche di Giulio CesareBattaglia di Gergovia
20%
49-48 a.C.Guerra civile tra Cesare e PompeoAssedio di Massilia
13%
18 luglio 390 a.C.Invasione gallicaBattaglia dell'Allia
13%
1300 a.C. caConquista ebraica della PalestinaBattaglia di Gerico
13%
101Guerre dacicheBattaglia di Tapae
10%
106 a.C.Guerra giugurtinaBattaglia di Cirta
7%
410 a.C.Guerra del PeloponnesoBattaglia di Cizico
7%
6 ottobre 69 a.C.Terza guerra mitridaticaBattaglia di Tigranocerta
7%
296 a.C.Terza guerra sanniticaBattaglia del Volturno
3%

Distribuzione punteggi

Percentile per numero di risposta

Percentuale di utenti per punteggio

I tuoi punteggi nel tempo

Non hai fatto questo quiz